Manuel social (Record no. 145642)

MARC details
000 -LEADER
campo de control de longitud fija 00614nam a2200193 i 4500
001 - NÚMERO DE CONTROL
campo de control 145642
003 - IDENTIFICADOR DE NÚMERO DE CONTROL
campo de control ES-MaACL
005 - FECHA Y HORA DE LA ÚLTIMA TRANSACCIÓN
campo de control 20230906201256.0
007 - CAMPO FIJO DE DESCRIPCIÓN FÍSICA--INFORMACIÓN GENERAL
campo de control de longitud fija t|
008 - DATOS DE LONGITUD FIJA--INFORMACIÓN GENERAL
campo de control de longitud fija 071015s1909 be ||||1| fre d
100 1# - ENTRADA PRINCIPAL--NOMBRE DE PERSONA
Nombre de persona Vermeersch, Arthur.
9 (RLIN) 114149
245 10 - MENCIÓN DEL TÍTULO
Título Manuel social
Resto del título : la législation et oeuvres en Belgique /
Mención de responsabilidad, etc. par A. Vermeersch... et A. Müller ; avec une préface de M. Gérard Cooreman.
250 ## - MENCION DE EDICION
Mención de edición 3em. ed.
260 ## - PUBLICACIÓN, DISTRIBUCIÓN, ETC.
Lugar de publicación, distribución, etc. Lovain :
Nombre del editor, distribuidor, etc. A. Uystpruyst,
Fecha de publicación, distribución, etc. 1909.
300 ## - DESCRIPCIÓN FÍSICA
Extensión 2 v. ;
Dimensiones 23 cm.
700 0# - ENTRADA AGREGADA--NOMBRE PERSONAL
Nombre de persona Müller, A.
9 (RLIN) 84115
700 1# - ENTRADA AGREGADA--NOMBRE PERSONAL
Nombre de persona Cooreman, Gérard.
9 (RLIN) 40399
852 ## - LOCALIZACIÓN
Ubicación ES-MaACL
Número de control de estantería D-2809-10
Holdings
Estatus retirado Estado de pérdida Estado de daño No para préstamo Biblioteca de origen Biblioteca actual Ubicación en estantería Fecha de adquisición Fuente de adquisición Total de préstamos Signatura topográfica completa Código de barras Visto por última vez Precio de reemplazo Tipo de ítem Koha
        Biblioteca del Ateneo de Madrid Biblioteca del Ateneo de Madrid Sala Valle Inclán 17/01/2008     D-2809-10 901152029 23/02/2023 23/02/2023 Libro impreso